=LDR 00000nam 2200000 4500 =001 INLIS000000000048339 =005 20200313035125 =035 ##$$a 0010-101600000000097 =008 200313################g##########0#ind## =020 ##$$a 978-602-9208-31-3 =082 ##$$a 297.577 =090 ##$$a 297.577 $b Abd l =100 #$$a Abdurrahman Al Mukaffi =245 1#$$a LIma puluh lima alasan istri menolak poligami /$c Abdurrahman Al Mukaffi editor, TIM Darul Falah =260 ##$$a Bekasi :$b Darul Falah,$c 2016 =300 ##$$a xviii, 258 hlm. ; $c 21 X 14 cm. =650 #4$$a Islam - poligami =084 ##$$a 297.577 ABD l =250 ##$$a cet.1 =700 #$$a TIM Darul Falah =504 ##$$a Bibliografi : hlm.255-258 =990 ##$$a 21600470 =990 ##$$a 21600471 =990 ##$$a 21600472 =990 ##$$a 21600473 =990 ##$$a 21600474